Business Models and Modelling
Na minha lista:
| Outros Autores: | , |
|---|---|
| Formato: | Livro |
| Idioma: | inglês |
| Publicado em: |
Bingley
Emerald
2015
|
| Assuntos: | |
| Tags: |
Sem tags, seja o primeiro a adicionar uma tag!
|
MARC
| LEADER | 00000nam a2200000 4500 | ||
|---|---|---|---|
| 001 | 0304399 | ||
| 005 | 20241211093220.8 | ||
| 020 | |a 978-1-78560-463-8 | ||
| 041 | 0 | |a eng | |
| 044 | |a GB | ||
| 245 | 1 | 0 | |a Business Models and Modelling |c edited by Charles Baden-Fuller, Vincent Mangematin |
| 264 | 1 | |a Bingley |b Emerald |c 2015 | |
| 300 | |a 425 s. | ||
| 610 | 2 | 0 | |a modely podnikateľské |
| 610 | 2 | 0 | |a modelovanie |
| 610 | 2 | 0 | |a rozhodovanie manažérske |
| 700 | 1 | |a Baden-Fuller, Charles | |
| 700 | 1 | |a Mangematin, Vincent | |